El bigote /

-д хадгалсан:
Номзүйн дэлгэрэнгүй
Үндсэн зохиолч: Carrère, Emmanuel (autor)
Бусад зохиолчид: Benítez, Esther (traducción) (traducción)
Формат: Ном
Хэл сонгох:испани
Хэвлэсэн: Barcelona, España : Anagrama, 2014, c2014
Цуврал:(Panorama de Narrativas ; 871)
Нөхцлүүд:
Шошгууд: Шошго нэмэх
Шошго байхгүй, Энэхүү баримтыг шошголох эхний хүн болох!

MARC

LEADER 00000nam^a2200000^a^4500
001 000349602
005 20250521000000.0
009 20260310114915.419
020 |a 978-84-339-7901-8 
037 |a Acervo ITESO - Biblioteca 
041 |a ESP 
082 |a 843.  |b CAR 
100 |a Carrère, Emmanuel  |e (autor) 
245 1 3 |a El bigote /  |c E. Carrère ; tr. por E. Benítez. 
264 4 |a Barcelona, España :  |b Anagrama,  |c 2014, c2014 
300 |a 179 p. 
336 |a texto  |b txt  |2 rdacontenido 
337 |a sin mediación  |b n  |2 rdamedio 
338 |a volumen  |b nc  |2 rdasoporte 
440 1 |a (Panorama de Narrativas ;  |v 871) 
500 |a Traducción de: La moustache 
545 0 |a Emmanuel Carrère (1957) es un escritor y cineasta francés, de ascendencia rusa; se caracteriza por su dominio de la narración, normalmente en primera persona, sea en reportajes o en una mezcla de ficción y no ficción, en la que añade su propia experiencia a sus historias, con un tono que va entre los confesional, lo lúdico y lo irónico. Ha sido galardonado, entre otros, con el Premio Femina (1995), con el Premio Renaudot (2011), y recibió el premio de Literatura en Lenguas Romances en la Feria Internacional del Libro 2017. Entre sus obras se encuentran: Bravura (1984), El bigote (1986); Una semana en la nieve (1995); El adversario (2000); Una novela rusa (2007); De vidas ajenas (2009); Limónov (2011); El reino (2015); Conviene tener un sitio adonde ir (2017); y Calais (2017). 
586 |a Premio Príncipe de Asturias de las Letras 2021 
586 |a Premio FIL de Literatura en Lenguas Romances 2017 
649 |a XX 
650 |a Novela Francesa 
650 |a Literatura Policíaca y de Misterio -  |z Francia 
650 |a Psicología y Literatura -  |z Francia 
650 |a Literatura Francesa -  |y Siglo XXI 
650 |a Identidad Personal en la Literatura 
700 |a Benítez, Esther  |e (traducción) 
910 |a Fondo General 
920 |a Impresos - Libros 
930 |a Colección General 
940 |a Literatura 
905 |a 101 
901 |a 0500240030  |b IT1  |c LIT  |i C142849  |u 20250521 
902 |a https://opac.biblio.iteso.mx/vufind/Record/000349602